000 00416nam a22001577a 4500
005 20240110112710.0
008 190911b xxu||||| |||| 00| 0 eng d
020 _a978-81-7800-261-3
041 _aeng
100 _aDUA, KAMAL, SHARMA, KUMAR VIJAY AND PABREJA, KAVITA
_98372
245 _aOTC MEDICATION
250 _a4th rev. ed.2019
260 _aHRDERABAD
_bPHARMAMED PRESS
_c2011
300 _a90P,
942 _cBK
999 _c5985
_d5983